[Event "Russian Blitz Championship (w)"]
[Site "Sochi"]
[Date "2022.10.14"]
[Round "7.4"]
[White "Diakonova, Ekaterina"]
[Black "Girya, Olga"]
[Result "1/2-1/2"]
[BlackElo "2298"]
[WhiteElo "1987"]
[LiveChessVersion "1.4.8"]

1. e4 {[%clk 0:03:03]} c6 {[%clk 0:03:03]} 2. d4 {[%clk 0:03:04]} d5
{[%clk 0:03:05]} 3. exd5 {[%clk 0:03:05]} cxd5 {[%clk 0:03:06]} 4. Bd3
{[%clk 0:03:06]} Nf6 {[%clk 0:03:05]} 5. h3 {[%clk 0:03:05]} Nc6 {[%clk 0:03:05]}
6. Nf3 {[%clk 0:03:04]} g6 {[%clk 0:03:06]} 7. c3 {[%clk 0:03:00]} Bf5
{[%clk 0:03:07]} 8. Be2 {[%clk 0:02:53]} e6 {[%clk 0:03:08]} 9. O-O
{[%clk 0:02:47]} Bd6 {[%clk 0:03:09]} 10. Bh6 {[%clk 0:02:48]} Bf8
{[%clk 0:03:00]} 11. Bf4 {[%clk 0:02:49]} Bd6 {[%clk 0:03:01]} 12. Bh6
{[%clk 0:02:50]} Bf8 {[%clk 0:02:45]} 13. Bf4 {[%clk 0:02:51]} h5
{[%clk 0:02:36]} 14. Nbd2 {[%clk 0:02:45]} Bd6 {[%clk 0:02:36]} 15. Ne5
{[%clk 0:02:17]} Bxe5 {[%clk 0:02:20]} 16. Bxe5 {[%clk 0:02:18]} Nxe5
{[%clk 0:02:14]} 17. dxe5 {[%clk 0:02:19]} Nd7 {[%clk 0:02:15]} 18. Bb5
{[%clk 0:02:19]} a6 {[%clk 0:02:05]} 19. Bxd7+ {[%clk 0:02:19]} Qxd7
{[%clk 0:02:07]} 20. Nb3 {[%clk 0:02:10]} Qa4 {[%clk 0:01:48]} 21. Qd2
{[%clk 0:01:59]} Kf8 {[%clk 0:01:27]} 22. Nd4 {[%clk 0:01:57]} Qa5
{[%clk 0:01:15]} 23. Rfe1 {[%clk 0:01:25]} Rc8 {[%clk 0:01:14]} 24. Nxf5
{[%clk 0:01:08]} gxf5 {[%clk 0:01:12]} 25. Qg5 {[%clk 0:01:09]} Qd8
{[%clk 0:01:06]} 26. Qe3 {[%clk 0:01:01]} Rc4 {[%clk 0:01:01]} 27. Rad1
{[%clk 0:00:58]} Rg8 {[%clk 0:00:51]} 28. Qh6+ {[%clk 0:00:56]} Rg7
{[%clk 0:00:26]} 29. Qh8+ {[%clk 0:00:42]} Rg8 {[%clk 0:00:27]} 30. Qxh5
{[%clk 0:00:43]} Rh4 {[%clk 0:00:27]} 31. Qf3 {[%clk 0:00:41]} Qb6
{[%clk 0:00:25]} 32. b3 {[%clk 0:00:36]} Qa5 {[%clk 0:00:23]} 33. c4
{[%clk 0:00:34]} dxc4 {[%clk 0:00:16]} 34. bxc4 {[%clk 0:00:32]} Qc7
{[%clk 0:00:10]} 35. Re2 {[%clk 0:00:25]} Rxc4 {[%clk 0:00:10]} 36. Qe3
{[%clk 0:00:23]} Rg6 {[%clk 0:00:10]} 37. Red2 {[%clk 0:00:23]} Kg7
{[%clk 0:00:11]} 38. Rd8 {[%clk 0:00:23]} Rc3 {[%clk 0:00:10]} 39. Qe2
{[%clk 0:00:22]} Rc1 {[%clk 0:00:12]} 40. Kh2 {[%clk 0:00:19]} Qc6
{[%clk 0:00:12]} 41. f3 {[%clk 0:00:18]} Rc2 {[%clk 0:00:14]} 42. R1d2
{[%clk 0:00:19]} Rxd2 {[%clk 0:00:13]} 43. Qxd2 {[%clk 0:00:19]} Qc4
{[%clk 0:00:14]} 44. Rd4 {[%clk 0:00:15]} Qc5 {[%clk 0:00:15]} 45. Qe3
{[%clk 0:00:12]} b5 {[%clk 0:00:16]} 46. f4 {[%clk 0:00:08]} b4 {[%clk 0:00:15]}
47. Rd3 {[%clk 0:00:08]} Qc2 {[%clk 0:00:14]} 48. Qf3 {[%clk 0:00:09]} a5
{[%clk 0:00:14]} 49. h4 {[%clk 0:00:10]} Rg4 {[%clk 0:00:14]} 50. Qh3
{[%clk 0:00:06]} a4 {[%clk 0:00:16]} 51. h5 {[%clk 0:00:08]} Kh6 {[%clk 0:00:16]}
52. Rg3 {[%clk 0:00:08]} Qe2 {[%clk 0:00:17]} 53. Rxg4 {[%clk 0:00:06]} Qxg4
{[%clk 0:00:18]} 54. Qd3 {[%clk 0:00:05]} Qxh5+ {[%clk 0:00:18]} 55. Kg1
{[%clk 0:00:06]} Qg4 {[%clk 0:00:17]} 56. Qd6 {[%clk 0:00:08]} b3
{[%clk 0:00:16]} 57. axb3 {[%clk 0:00:08]} axb3 {[%clk 0:00:17]} 58. Qf8+
{[%clk 0:00:09]} Qg7 {[%clk 0:00:18]} 59. Qb4 {[%clk 0:00:10]} Qg3
{[%clk 0:00:14]} 60. Qf8+ {[%clk 0:00:12]} Qg7 {[%clk 0:00:15]} 61. Qb4
{[%clk 0:00:13]} f6 {[%clk 0:00:11]} 62. Qxb3 {[%clk 0:00:13]} fxe5
{[%clk 0:00:12]} 63. Qh3+ {[%clk 0:00:14]} Kg6 {[%clk 0:00:13]} 64. Qg3+
{[%clk 0:00:13]} Kf7 {[%clk 0:00:14]} 65. Qc3 {[%clk 0:00:12]} exf4
{[%clk 0:00:15]} 66. Qc7+ {[%clk 0:00:13]} Kg6 {[%clk 0:00:16]} 67. Qxf4
{[%clk 0:00:14]} Qa1+ {[%clk 0:00:16]} 68. Kh2 {[%clk 0:00:14]} Qf6
{[%clk 0:00:17]} 69. Qb8 {[%clk 0:00:12]} f4 {[%clk 0:00:14]} 70. Qg8+
{[%clk 0:00:12]} Kf5 {[%clk 0:00:15]} 71. Qh7+ {[%clk 0:00:12]} Qg6
{[%clk 0:00:15]} 72. Qh3+ {[%clk 0:00:13]} Kf6 {[%clk 0:00:15]} 73. Qh8+
{[%clk 0:00:14]} Qg7 {[%clk 0:00:15]} 74. Qh4+ {[%clk 0:00:14]} Qg5
{[%clk 0:00:17]} 75. Qh8+ {[%clk 0:00:16]} Kf5 {[%clk 0:00:18]} 76. Qh3+
{[%clk 0:00:16]} Ke4 {[%clk 0:00:16]} 77. Qf3+ {[%clk 0:00:17]} Ke5
{[%clk 0:00:17]} 78. Qc3+ {[%clk 0:00:19]} Kd6 {[%clk 0:00:17]} 79. Qd4+
{[%clk 0:00:19]} Ke7 {[%clk 0:00:17]} 80. Qb4+ {[%clk 0:00:20]} Kf6
{[%clk 0:00:17]} 81. Qf8+ {[%clk 0:00:20]} Kg6 {[%clk 0:00:16]} 82. Qe8+
{[%clk 0:00:20]} Kf5 {[%clk 0:00:17]} 83. Qf7+ {[%clk 0:00:16]} Qf6
{[%clk 0:00:17]} 84. Qh7+ {[%clk 0:00:17]} Ke5 {[%clk 0:00:16]} 85. Qd3
{[%clk 0:00:17]} Qh4+ {[%clk 0:00:14]} 86. Kg1 {[%clk 0:00:19]} Qe1+
{[%clk 0:00:13]} 87. Kh2 {[%clk 0:00:20]} Kf6 {[%clk 0:00:13]} 88. Qd8+
{[%clk 0:00:20]} Kf5 {[%clk 0:00:12]} 89. Qf8+ {[%clk 0:00:20]} Ke4
{[%clk 0:00:13]} 90. Qa8+ {[%clk 0:00:21]} Kd4 {[%clk 0:00:06]} 91. Qa7+
{[%clk 0:00:20]} Kd3 {[%clk 0:00:06]} 92. Qa6+ {[%clk 0:00:21]} Kd2
{[%clk 0:00:06]} 93. Qd6+ {[%clk 0:00:21]} Kc2 {[%clk 0:00:05]} 94. Qxf4
{[%clk 0:00:21]} Kd3 {[%clk 0:00:06]} 95. Qf3+ {[%clk 0:00:21]} Kd4
{[%clk 0:00:07]} 96. Qg4+ {[%clk 0:00:21]} Kd5 {[%clk 0:00:07]} 97. Qf3+
{[%clk 0:00:19]} Kc5 {[%clk 0:00:09]} 98. Qa3+ {[%clk 0:00:19]} 1/2-1/2

[Event "Russian Blitz Championship (w)"]
[Site "Sochi"]
[Date "2022.10.14"]
[Round "7.5"]
[White "Vysotskaya, Anastasiya"]
[Black "Shuvalova, Polina"]
[Result "1-0"]
[BlackElo "2392"]
[WhiteElo "2023"]
[LiveChessVersion "1.4.8"]

1. d4 {[%clk 0:03:02]} Nf6 {[%clk 0:03:04]} 2. c4 {[%clk 0:03:03]} e6
{[%clk 0:03:05]} 3. Nc3 {[%clk 0:03:04]} Bb4 {[%clk 0:03:06]} 4. f3
{[%clk 0:03:05]} c5 {[%clk 0:03:06]} 5. d5 {[%clk 0:03:06]} d6 {[%clk 0:03:07]}
6. e4 {[%clk 0:03:05]} O-O {[%clk 0:03:07]} 7. Nge2 {[%clk 0:03:03]} b5
{[%clk 0:03:06]} 8. Ng3 {[%clk 0:02:53]} exd5 {[%clk 0:03:04]} 9. cxd5
{[%clk 0:02:46]} a6 {[%clk 0:03:03]} 10. Be2 {[%clk 0:02:40]} Re8
{[%clk 0:03:02]} 11. O-O {[%clk 0:02:39]} Nbd7 {[%clk 0:03:03]} 12. Be3
{[%clk 0:02:20]} c4 {[%clk 0:02:58]} 13. a4 {[%clk 0:02:17]} Rb8 {[%clk 0:02:53]}
14. axb5 {[%clk 0:02:08]} axb5 {[%clk 0:02:54]} 15. Nf5 {[%clk 0:01:49]} Bc5
{[%clk 0:02:53]} 16. Bxc5 {[%clk 0:01:40]} Nxc5 {[%clk 0:02:54]} 17. Nd4
{[%clk 0:01:37]} Bd7 {[%clk 0:02:55]} 18. Qd2 {[%clk 0:00:57]} Qb6
{[%clk 0:02:55]} 19. Kh1 {[%clk 0:00:54]} Nd3 {[%clk 0:02:48]} 20. Nc6
{[%clk 0:00:39]} Bxc6 {[%clk 0:02:47]} 21. Bxd3 {[%clk 0:00:38]} b4
{[%clk 0:02:21]} 22. Nd1 {[%clk 0:00:17]} Bxd5 {[%clk 0:02:04]} 23. exd5
{[%clk 0:00:15]} cxd3 {[%clk 0:02:05]} 24. Qxd3 {[%clk 0:00:12]} Re5
{[%clk 0:02:05]} 25. Nf2 {[%clk 0:00:07]} Rxd5 {[%clk 0:02:04]} 26. Qe2
{[%clk 0:00:07]} Re5 {[%clk 0:02:04]} 27. Qd3 {[%clk 0:00:07]} d5
{[%clk 0:01:59]} 28. Rad1 {[%clk 0:00:08]} Rbe8 {[%clk 0:01:57]} 29. Nh3
{[%clk 0:00:07]} Re3 {[%clk 0:01:55]} 30. Qd4 {[%clk 0:00:07]} Qxd4
{[%clk 0:01:53]} 31. Rxd4 {[%clk 0:00:08]} Rb3 {[%clk 0:01:53]} 32. Rd2
{[%clk 0:00:08]} g6 {[%clk 0:01:36]} 33. Rfd1 {[%clk 0:00:09]} Ra8
{[%clk 0:01:29]} 34. Nf4 {[%clk 0:00:09]} Ra2 {[%clk 0:01:29]} 35. Nd3
{[%clk 0:00:06]} Ra8 {[%clk 0:01:15]} 36. Kg1 {[%clk 0:00:07]} Kg7
{[%clk 0:00:38]} 37. Kf2 {[%clk 0:00:08]} Re8 {[%clk 0:00:39]} 38. Re2
{[%clk 0:00:03]} Rc8 {[%clk 0:00:17]} 39. Nc1 {[%clk 0:00:05]} Rxc1
{[%clk 0:00:17]} 40. Rxc1 {[%clk 0:00:06]} Rd3 {[%clk 0:00:18]} 41. Rcc2
{[%clk 0:00:07]} Rd4 {[%clk 0:00:12]} 42. Red2 {[%clk 0:00:08]} Rf4
{[%clk 0:00:13]} 43. Ke3 {[%clk 0:00:07]} Rf5 {[%clk 0:00:13]} 44. Kd4
{[%clk 0:00:07]} h5 {[%clk 0:00:07]} 45. Kc5 {[%clk 0:00:08]} Rf4
{[%clk 0:00:07]} 46. Rd4 {[%clk 0:00:07]} Rf5 {[%clk 0:00:04]} 47. Kxb4
{[%clk 0:00:06]} Ne8 {[%clk 0:00:04]} 48. Rcd2 {[%clk 0:00:07]} Nc7
{[%clk 0:00:05]} 49. Kc3 {[%clk 0:00:07]} Nb5+ {[%clk 0:00:07]} 50. Kd3
{[%clk 0:00:06]} Nxd4 51. Kxd4 {[%clk 0:00:08]} Kf8 {[%clk 0:00:08]} 52. b4
{[%clk 0:00:08]} Ke7 {[%clk 0:00:09]} 53. Kc5 {[%clk 0:00:08]} Kd7
{[%clk 0:00:09]} 54. Rxd5+ {[%clk 0:00:08]} 1-0

[Event "Russian Blitz Championship (w)"]
[Site "Sochi"]
[Date "2022.10.14"]
[Round "7.6"]
[White "Pogonina, Natalija"]
[Black "Lysenko, Margarita"]
[Result "1/2-1/2"]
[BlackElo "2150"]
[WhiteElo "2332"]
[LiveChessVersion "1.4.8"]

1. d4 {[%clk 0:03:01]} Nf6 {[%clk 0:03:03]} 2. g3 {[%clk 0:03:02]} e6
{[%clk 0:03:01]} 3. Bg2 {[%clk 0:03:02]} d5 {[%clk 0:03:01]} 4. Nf3
{[%clk 0:02:59]} Be7 {[%clk 0:03:02]} 5. c4 {[%clk 0:02:54]} O-O {[%clk 0:03:01]}
6. O-O {[%clk 0:02:53]} dxc4 {[%clk 0:03:02]} 7. Qa4 {[%clk 0:02:53]} c6
{[%clk 0:03:03]} 8. Qxc4 {[%clk 0:02:52]} b5 {[%clk 0:03:04]} 9. Qc2
{[%clk 0:02:49]} Bb7 {[%clk 0:03:04]} 10. Rd1 {[%clk 0:02:49]} Nbd7
{[%clk 0:03:03]} 11. Ne5 {[%clk 0:02:38]} Nxe5 {[%clk 0:02:50]} 12. dxe5
{[%clk 0:02:38]} Nd5 {[%clk 0:02:50]} 13. e4 {[%clk 0:02:22]} Nb4
{[%clk 0:02:50]} 14. Qe2 {[%clk 0:02:22]} Qc7 {[%clk 0:02:33]} 15. Nc3
{[%clk 0:02:12]} Rfd8 {[%clk 0:02:19]} 16. Bf4 {[%clk 0:01:58]} a5
{[%clk 0:02:03]} 17. h4 {[%clk 0:01:52]} Rxd1+ {[%clk 0:01:33]} 18. Rxd1
{[%clk 0:01:52]} Rd8 {[%clk 0:01:34]} 19. a3 {[%clk 0:01:39]} Na6
{[%clk 0:01:30]} 20. h5 {[%clk 0:01:35]} h6 {[%clk 0:01:11]} 21. Rc1
{[%clk 0:01:21]} Qd7 {[%clk 0:00:39]} 22. Be3 {[%clk 0:01:11]} b4
{[%clk 0:00:14]} 23. axb4 {[%clk 0:00:56]} axb4 {[%clk 0:00:09]} 24. Na4
{[%clk 0:00:54]} Qd3 {[%clk 0:00:07]} 25. Qg4 {[%clk 0:00:50]} Kh8
{[%clk 0:00:04]} 26. Nb6 {[%clk 0:00:45]} Qb5 {[%clk 0:00:04]} 27. Nc4
{[%clk 0:00:44]} c5 {[%clk 0:00:04]} 28. Nd6 {[%clk 0:00:34]} Bxd6
{[%clk 0:00:04]} 29. exd6 {[%clk 0:00:35]} e5 {[%clk 0:00:04]} 30. Bf1
{[%clk 0:00:29]} Qe8 {[%clk 0:00:04]} 31. Bxa6 {[%clk 0:00:27]} Bxa6
{[%clk 0:00:06]} 32. Bxc5 {[%clk 0:00:28]} b3 {[%clk 0:00:06]} 33. Ra1
{[%clk 0:00:26]} Bd3 {[%clk 0:00:07]} 34. Ra7 {[%clk 0:00:25]} Bc4
{[%clk 0:00:05]} 35. Qf5 {[%clk 0:00:20]} Qb5 {[%clk 0:00:05]} 36. Rc7
{[%clk 0:00:20]} Be6 {[%clk 0:00:05]} 37. Qxe5 {[%clk 0:00:20]} Qe2
{[%clk 0:00:05]} 38. Bd4 {[%clk 0:00:17]} Qd1+ {[%clk 0:00:03]} 39. Kg2
{[%clk 0:00:17]} Qg4 {[%clk 0:00:04]} 40. Re7 {[%clk 0:00:13]} Qh3+
{[%clk 0:00:03]} 41. Kg1 {[%clk 0:00:12]} Qg4 {[%clk 0:00:04]} 42. Kg2
{[%clk 0:00:09]} Qh3+ {[%clk 0:00:05]} 43. Kg1 {[%clk 0:00:10]} Qg4
{[%clk 0:00:06]} 44. Bc3 {[%clk 0:00:10]} Ra8 {[%clk 0:00:07]} 45. Rxe6
{[%clk 0:00:09]} fxe6 {[%clk 0:00:07]} 46. Kg2 {[%clk 0:00:09]} Rd8
{[%clk 0:00:04]} 47. Qd4 {[%clk 0:00:09]} Qg5 {[%clk 0:00:04]} 48. e5
{[%clk 0:00:09]} Qf5 {[%clk 0:00:05]} 49. Ba5 {[%clk 0:00:08]} Rd7
{[%clk 0:00:06]} 50. Qa4 {[%clk 0:00:07]} Rf7 {[%clk 0:00:06]} 51. Bb6
{[%clk 0:00:07]} Qf3+ {[%clk 0:00:06]} 52. Kg1 {[%clk 0:00:08]} Qd1+
{[%clk 0:00:05]} 53. Kh2 {[%clk 0:00:08]} Qxh5+ {[%clk 0:00:05]} 54. Kg1
{[%clk 0:00:09]} Qd1+ {[%clk 0:00:04]} 55. Kh2 {[%clk 0:00:10]} Qh5+
{[%clk 0:00:03]} 56. Kg1 {[%clk 0:00:11]} Qd1+ {[%clk 0:00:04]} 1/2-1/2

[Event "Russian Blitz Championship (w)"]
[Site "Sochi"]
[Date "2022.10.14"]
[Round "7.8"]
[White "Kharashuta, Ekaterina"]
[Black "Dimitrova, Aleksandra"]
[Result "0-1"]
[BlackElo "2051"]
[WhiteElo "2225"]
[LiveChessVersion "1.4.8"]

1. Nf3 {[%clk 0:03:03]} Nf6 {[%clk 0:03:03]} 2. g3 {[%clk 0:03:04]} b5
{[%clk 0:03:04]} 3. Bg2 {[%clk 0:03:05]} Bb7 {[%clk 0:03:05]} 4. b3
{[%clk 0:02:56]} e6 {[%clk 0:03:05]} 5. Bb2 {[%clk 0:02:54]} c5 {[%clk 0:03:06]}
6. c4 {[%clk 0:02:52]} bxc4 {[%clk 0:03:05]} 7. bxc4 {[%clk 0:02:52]} Nc6
{[%clk 0:02:59]} 8. O-O {[%clk 0:02:43]} Be7 {[%clk 0:02:58]} 9. d3
{[%clk 0:02:34]} O-O {[%clk 0:02:58]} 10. Nc3 {[%clk 0:02:27]} Nd4
{[%clk 0:02:47]} 11. Nxd4 {[%clk 0:02:19]} Bxg2 {[%clk 0:02:47]} 12. Nxe6
{[%clk 0:02:06]} Qb8 {[%clk 0:02:25]} 13. Kxg2 {[%clk 0:02:00]} Qxb2
{[%clk 0:02:08]} 14. Na4 {[%clk 0:01:59]} Qb7+ {[%clk 0:02:06]} 15. e4
{[%clk 0:01:50]} dxe6 {[%clk 0:02:02]} 16. f4 {[%clk 0:01:36]} Rfd8
{[%clk 0:02:03]} 17. Qf3 {[%clk 0:01:35]} Rd4 {[%clk 0:01:51]} 18. Nc3
{[%clk 0:01:21]} Rad8 {[%clk 0:01:49]} 19. Rad1 {[%clk 0:01:18]} Qd7
{[%clk 0:01:34]} 20. e5 {[%clk 0:01:16]} Ne8 {[%clk 0:01:32]} 21. Nb5
{[%clk 0:00:50]} Rxd3 {[%clk 0:01:30]} 22. Rxd3 {[%clk 0:00:51]} Qxd3
{[%clk 0:01:31]} 23. Qxd3 {[%clk 0:00:36]} Rxd3 {[%clk 0:01:32]} 24. Nxa7
{[%clk 0:00:36]} Ra3 {[%clk 0:01:28]} 25. Nc6 {[%clk 0:00:37]} Rxa2+
{[%clk 0:01:29]} 26. Kf3 {[%clk 0:00:34]} Bf8 {[%clk 0:01:24]} 27. Rd1
{[%clk 0:00:31]} Ra8 {[%clk 0:01:24]} 28. Rd7 {[%clk 0:00:30]} g6
{[%clk 0:01:15]} 29. Nd8 {[%clk 0:00:31]} Ng7 {[%clk 0:00:56]} 30. Nxf7
{[%clk 0:00:31]} Nf5 {[%clk 0:00:54]} 31. Ng5 {[%clk 0:00:30]} Nd4+
{[%clk 0:00:48]} 32. Ke4 {[%clk 0:00:24]} h6 {[%clk 0:00:46]} 33. Nf7
{[%clk 0:00:25]} Ra1 {[%clk 0:00:36]} 34. Nd8 {[%clk 0:00:24]} Re1+
{[%clk 0:00:36]} 35. Kd3 {[%clk 0:00:24]} Rd1+ {[%clk 0:00:33]} 36. Ke4
{[%clk 0:00:24]} Re1+ {[%clk 0:00:31]} 37. Kd3 {[%clk 0:00:26]} Rh1
{[%clk 0:00:22]} 38. h4 {[%clk 0:00:24]} Rg1 {[%clk 0:00:23]} 39. Nb7
{[%clk 0:00:18]} Rxg3+ {[%clk 0:00:24]} 40. Ke4 {[%clk 0:00:18]} Nf5
{[%clk 0:00:24]} 0-1

[Event "Russian Blitz Championship (w)"]
[Site "Sochi"]
[Date "2022.10.14"]
[Round "8.1"]
[White "Voit, Daria"]
[Black "Vysotskaya, Anastasiya"]
[Result "1/2-1/2"]
[BlackElo "2023"]
[WhiteElo "2247"]
[LiveChessVersion "1.4.8"]

1. d4 {[%clk 0:03:03]} Nf6 {[%clk 0:03:03]} 2. c4 {[%clk 0:03:04]} e6
{[%clk 0:03:03]} 3. Nf3 {[%clk 0:03:05]} b6 {[%clk 0:03:02]} 4. g3
{[%clk 0:03:04]} Ba6 {[%clk 0:03:03]} 5. b3 {[%clk 0:02:59]} d5 {[%clk 0:03:00]}
6. Bg2 {[%clk 0:02:58]} Bb4+ {[%clk 0:02:52]} 7. Bd2 {[%clk 0:02:58]} Be7
{[%clk 0:02:49]} 8. Bc3 {[%clk 0:02:25]} O-O {[%clk 0:02:46]} 9. Nbd2
{[%clk 0:02:25]} c5 {[%clk 0:02:23]} 10. O-O {[%clk 0:02:12]} Nc6
{[%clk 0:02:21]} 11. dxc5 {[%clk 0:01:56]} bxc5 {[%clk 0:02:16]} 12. cxd5
{[%clk 0:01:56]} exd5 {[%clk 0:02:14]} 13. Ne5 {[%clk 0:01:50]} Nxe5
{[%clk 0:01:58]} 14. Bxe5 {[%clk 0:01:50]} Re8 {[%clk 0:01:43]} 15. Re1
{[%clk 0:01:43]} Bd6 {[%clk 0:01:23]} 16. Bxf6 {[%clk 0:01:32]} Qxf6
{[%clk 0:01:23]} 17. Bxd5 {[%clk 0:01:33]} Rad8 {[%clk 0:01:14]} 18. e4
{[%clk 0:01:07]} Be5 {[%clk 0:01:07]} 19. Rc1 {[%clk 0:01:08]} Bd4
{[%clk 0:01:08]} 20. Qf3 {[%clk 0:01:08]} Qg6 {[%clk 0:00:31]} 21. Qg2
{[%clk 0:00:57]} Rd6 {[%clk 0:00:13]} 22. Nf3 {[%clk 0:00:57]} h6
{[%clk 0:00:05]} 23. Red1 {[%clk 0:00:50]} Be5 {[%clk 0:00:04]} 24. Nxe5
{[%clk 0:00:37]} Rxe5 {[%clk 0:00:04]} 25. f4 {[%clk 0:00:25]} Re8
{[%clk 0:00:04]} 26. f5 {[%clk 0:00:12]} Qg4 {[%clk 0:00:04]} 27. Rd2
{[%clk 0:00:07]} Red8 {[%clk 0:00:04]} 28. h3 {[%clk 0:00:07]} Qg5
{[%clk 0:00:06]} 29. Rxc5 {[%clk 0:00:07]} Qe3+ {[%clk 0:00:04]} 30. Qf2
{[%clk 0:00:07]} Qg5 {[%clk 0:00:03]} 31. Rc7 {[%clk 0:00:08]} R6d7
{[%clk 0:00:03]} 32. Rxd7 {[%clk 0:00:08]} Rxd7 {[%clk 0:00:05]} 33. Rc2
{[%clk 0:00:09]} Qf6 {[%clk 0:00:03]} 34. Kg2 {[%clk 0:00:10]} Qe5
{[%clk 0:00:04]} 35. Qf4 {[%clk 0:00:10]} Qd4 {[%clk 0:00:04]} 36. Qd2
{[%clk 0:00:10]} Qe5 {[%clk 0:00:05]} 37. Qf2 {[%clk 0:00:09]} Kh7
{[%clk 0:00:05]} 38. Kh2 {[%clk 0:00:10]} Bd3 {[%clk 0:00:05]} 39. Rd2
{[%clk 0:00:10]} Bxe4 {[%clk 0:00:05]} 40. Bxe4 {[%clk 0:00:11]} Rxd2
{[%clk 0:00:05]} 41. Qxd2 {[%clk 0:00:11]} Qxe4 {[%clk 0:00:06]} 42. g4
{[%clk 0:00:10]} Qe5+ {[%clk 0:00:05]} 43. Kg2 {[%clk 0:00:11]} Qe4+
{[%clk 0:00:06]} 44. Kf2 {[%clk 0:00:12]} f6 {[%clk 0:00:06]} 45. a4
{[%clk 0:00:10]} Qh1 {[%clk 0:00:06]} 46. Kg3 {[%clk 0:00:10]} Qg1+
{[%clk 0:00:06]} 47. Qg2 {[%clk 0:00:11]} Qe3+ {[%clk 0:00:07]} 48. Qf3
{[%clk 0:00:10]} Qg1+ {[%clk 0:00:08]} 1/2-1/2

[Event "Russian Blitz Championship (w)"]
[Site "Sochi"]
[Date "2022.10.14"]
[Round "8.2"]
[White "Girya, Olga"]
[Black "Gunina, Valentina"]
[Result "1-0"]
[BlackElo "2376"]
[WhiteElo "2298"]
[LiveChessVersion "1.4.8"]

1. d4 {[%clk 0:03:02]} d5 {[%clk 0:03:03]} 2. c4 {[%clk 0:03:03]} c6
{[%clk 0:03:04]} 3. Nf3 {[%clk 0:03:04]} Nf6 {[%clk 0:03:05]} 4. cxd5
{[%clk 0:03:05]} cxd5 {[%clk 0:03:06]} 5. Nc3 {[%clk 0:03:06]} Nc6
{[%clk 0:03:07]} 6. Bf4 {[%clk 0:03:06]} a6 {[%clk 0:03:08]} 7. Qb3
{[%clk 0:03:07]} e6 {[%clk 0:02:54]} 8. e3 {[%clk 0:03:08]} Be7 {[%clk 0:02:53]}
9. Bd3 {[%clk 0:03:02]} O-O {[%clk 0:02:52]} 10. Rc1 {[%clk 0:03:02]} b5
{[%clk 0:02:44]} 11. O-O {[%clk 0:02:33]} Bb7 {[%clk 0:02:44]} 12. Ne5
{[%clk 0:02:17]} Na5 {[%clk 0:02:45]} 13. Qd1 {[%clk 0:02:14]} Rc8
{[%clk 0:02:44]} 14. Qe2 {[%clk 0:02:10]} Nc4 {[%clk 0:02:37]} 15. a4
{[%clk 0:01:52]} b4 {[%clk 0:02:27]} 16. Nb1 {[%clk 0:01:53]} Nxe5
{[%clk 0:02:14]} 17. Bxe5 {[%clk 0:01:53]} Qa5 {[%clk 0:02:03]} 18. b3
{[%clk 0:01:52]} Ne4 {[%clk 0:02:01]} 19. Bxe4 {[%clk 0:01:44]} dxe4
{[%clk 0:02:00]} 20. Nd2 {[%clk 0:01:44]} f6 {[%clk 0:01:47]} 21. Nc4
{[%clk 0:01:36]} Rxc4 {[%clk 0:01:41]} 22. Qxc4 {[%clk 0:01:33]} fxe5
{[%clk 0:01:41]} 23. Qxe6+ {[%clk 0:01:34]} Rf7 {[%clk 0:01:42]} 24. dxe5
{[%clk 0:01:16]} Qd5 {[%clk 0:01:40]} 25. Qb6 {[%clk 0:00:41]} Bf8
{[%clk 0:01:28]} 26. e6 {[%clk 0:00:34]} Re7 {[%clk 0:01:18]} 27. Rc7
{[%clk 0:00:34]} Rxc7 {[%clk 0:01:08]} 28. Qxc7 {[%clk 0:00:35]} Qc6
{[%clk 0:01:07]} 29. Rc1 {[%clk 0:00:32]} Qxe6 {[%clk 0:00:20]} 30. Qxb7
{[%clk 0:00:32]} Qxb3 {[%clk 0:00:20]} 31. Qxa6 {[%clk 0:00:33]} Qb2
{[%clk 0:00:15]} 32. Qc4+ {[%clk 0:00:32]} Kh8 {[%clk 0:00:16]} 33. Qc2
{[%clk 0:00:29]} Qa3 {[%clk 0:00:16]} 34. Rb1 {[%clk 0:00:28]} h6
{[%clk 0:00:12]} 35. Qb3 {[%clk 0:00:29]} Be7 {[%clk 0:00:06]} 36. Qxa3
{[%clk 0:00:28]} bxa3 {[%clk 0:00:07]} 37. Ra1 {[%clk 0:00:28]} Bb4
{[%clk 0:00:08]} 38. a5 {[%clk 0:00:27]} 1-0

[Event "Russian Blitz Championship (w)"]
[Site "Sochi"]
[Date "2022.10.14"]
[Round "8.3"]
[White "Bodnaruk, Anastasia"]
[Black "Diakonova, Ekaterina"]
[Result "0-1"]
[BlackElo "1987"]
[WhiteElo "2332"]
[LiveChessVersion "1.4.8"]

1. e4 {[%clk 0:03:03]} d6 {[%clk 0:03:04]} 2. d4 {[%clk 0:03:02]} Nf6
{[%clk 0:03:05]} 3. Nc3 {[%clk 0:03:03]} g6 {[%clk 0:03:06]} 4. g3
{[%clk 0:02:57]} Bg7 {[%clk 0:03:03]} 5. Bg2 {[%clk 0:02:58]} O-O
{[%clk 0:03:03]} 6. Nge2 {[%clk 0:02:59]} e5 {[%clk 0:03:00]} 7. O-O
{[%clk 0:02:54]} Nc6 {[%clk 0:02:59]} 8. d5 {[%clk 0:02:48]} Ne7 {[%clk 0:02:59]}
9. f4 {[%clk 0:02:39]} Bg4 {[%clk 0:02:10]} 10. fxe5 {[%clk 0:02:16]} dxe5
{[%clk 0:02:11]} 11. Bg5 {[%clk 0:02:14]} Nc8 {[%clk 0:02:12]} 12. h3
{[%clk 0:02:06]} Bxe2 {[%clk 0:02:13]} 13. Qxe2 {[%clk 0:02:07]} h6
{[%clk 0:02:13]} 14. Bd2 {[%clk 0:01:53]} Nd6 {[%clk 0:02:14]} 15. g4
{[%clk 0:01:50]} h5 {[%clk 0:01:40]} 16. Bg5 {[%clk 0:01:40]} hxg4
{[%clk 0:01:32]} 17. hxg4 {[%clk 0:01:40]} Nde8 {[%clk 0:01:33]} 18. Rad1
{[%clk 0:01:17]} Qd7 {[%clk 0:01:34]} 19. Bf3 {[%clk 0:01:14]} Nh7
{[%clk 0:01:21]} 20. Be3 {[%clk 0:01:15]} Bf6 {[%clk 0:01:19]} 21. Kg2
{[%clk 0:01:14]} Bg5 {[%clk 0:01:06]} 22. Rh1 {[%clk 0:01:14]} Qe7
{[%clk 0:01:07]} 23. d6 {[%clk 0:00:24]} Nxd6 {[%clk 0:01:04]} 24. Nd5
{[%clk 0:00:23]} Qd8 {[%clk 0:01:02]} 25. Rh2 {[%clk 0:00:17]} Bxe3
{[%clk 0:00:53]} 26. Qxe3 {[%clk 0:00:18]} Qg5 {[%clk 0:00:53]} 27. Qc3
{[%clk 0:00:09]} Nxe4 {[%clk 0:00:48]} 28. Qxc7 {[%clk 0:00:04]} Nef6
{[%clk 0:00:42]} 29. Ne7+ {[%clk 0:00:05]} Kg7 {[%clk 0:00:43]} 30. Qc4
{[%clk 0:00:05]} e4 {[%clk 0:00:39]} 31. Be2 {[%clk 0:00:06]} Nxg4
{[%clk 0:00:38]} 32. Qd4+ {[%clk 0:00:05]} Ngf6+ {[%clk 0:00:38]} 33. Kh1
{[%clk 0:00:07]} Rad8 {[%clk 0:00:35]} 34. Qc3 {[%clk 0:00:08]} Rxd1+
{[%clk 0:00:35]} 35. Bxd1 {[%clk 0:00:10]} Rd8 {[%clk 0:00:36]} 36. Be2
{[%clk 0:00:09]} Qc1+ 37. Kg2 Qg5+ {[%clk 0:00:35]} 38. Kh1 {[%clk 0:00:11]} Rd7
{[%clk 0:00:31]} 39. Nc8 {[%clk 0:00:09]} e3 {[%clk 0:00:29]} 40. Bf3
{[%clk 0:00:06]} Qf5 {[%clk 0:00:28]} 41. Be2 {[%clk 0:00:06]} Qf4
{[%clk 0:00:26]} 42. Kg1 {[%clk 0:00:06]} Rc7 {[%clk 0:00:26]} 43. Qa3
{[%clk 0:00:04]} Rxc8 {[%clk 0:00:27]} 44. c3 {[%clk 0:00:04]} Qg3+
{[%clk 0:00:27]} 45. Rg2 {[%clk 0:00:04]} Qe1+ {[%clk 0:00:28]} 46. Kh2
{[%clk 0:00:06]} Qh4+ {[%clk 0:00:27]} 47. Kg1 {[%clk 0:00:07]} Ng5
{[%clk 0:00:27]} 48. Qe7 {[%clk 0:00:08]} Nh3+ {[%clk 0:00:26]} 49. Kf1
{[%clk 0:00:09]} Nf4 {[%clk 0:00:25]} 0-1